Statistieken voor Heeft iemand dit ooit gedaan?

Klik hier om de quiz te nemen!

Algemene statistieken

  • Deze quiz is 472 keer genomen
  • De gemiddelde score is 11 van 15

Antwoordstatistieken

VraagAntwoord% Correct
Op Mars rondlopenNee
91%
Alle 196 officiële JetPunk-landen bezoekenJa
90%
Je kind Lucifer noemenJa
88%
In een zwart gat vallenNee
88%
Moeder worden van een achtling, die het allemaal overleven.Ja
85%
Een hole-in-one scoren op een golfbaan met par 5Ja
83%
De Noordpool, Zuidpool, en de top van Mount Everest bezoekenJa
81%
Zonder parachute uit een vliegtuig vallen, en het overleven (tenminste 1000 meter boven de grond)Ja
77%
Als Koning van Engeland omkomen tijdens een veldslagJa
76%
In een ton over de Niagarawatervallen gaan, en het overlevenJa
72%
De Mona Lisa stelenJa
72%
Een volledige transplantatie van het lichaam onder de nek ontvangen, en het overleven.Nee
68%
Een kogel ontwijken. Dat wil zeggen, een kogel op je af zien komen, en bewust een beweging maken om deze te ontwijken.Nee
58%
Van Australië naar Nieuw-Zeeland zwemmen, of vice-versaNee
46%
Zwitserland veroverenJa
37%

Scoreverdeling

Percentiel versus Aantal Correcte Antwoorden

Procent van Mensen met Elke Score

Uw Scoregeschiedenis

U heeft deze quiz nog niet genomen